Home Print Resources E-Books E-Journals IIMT Lecture Series Library Membership Form Book Recommendation Form Campus Tour Take AdmissionAbout Us Contact Us

HEALTH EDUCATION AND COMMUNICATION PHARMACY (Record no. 55795)

000 -LEADER
fixed length control field nam a22 7a 4500
003 - CONTROL NUMBER IDENTIFIER
control field OSt
005 - DATE AND TIME OF LATEST TRANSACTION
control field 20221007113803.0
008 - FIXED-LENGTH DATA ELEMENTS--GENERAL INFORMATION
fixed length control field 221007b xxu||||| |||| 00| 0 eng d
040 ## - CATALOGING SOURCE
Transcribing agency IIMT SCHOOL OF PHARMACEUTICAL SCIENCES
100 ## - MAIN ENTRY--PERSONAL NAME
Personal name DANDIYA,P.C,ZAFAR,AFIA
245 ## - TITLE STATEMENT
Title HEALTH EDUCATION AND COMMUNICATION PHARMACY
260 ## - PUBLICATION, DISTRIBUTION, ETC.
Place of publication, distribution, etc. DELHI
Name of publisher, distributor, etc. VALLABH PRAKSHAN
Date of publication, distribution, etc. 2021
300 ## - PHYSICAL DESCRIPTION
Extent 352
942 ## - ADDED ENTRY ELEMENTS (KOHA)
Source of classification or shelving scheme
Koha item type Text-Book- for 7 days
Holdings
Withdrawn status Lost status Source of classification or shelving scheme Damaged status Not for loan Home library Current library Date acquired Source of acquisition Cost, normal purchase price Inventory number Total Checkouts Barcode Date last seen Date last checked out Price effective from Koha item type
          IIMT SCHOOL OF PHARMACEUTICAL SCIENCES IIMT SCHOOL OF PHARMACEUTICAL SCIENCES 10/07/2022 ARISHTA PUBLISHER 210.00 HO/IN/84,2022 1 27-B-1322 11/20/2025 11/20/2025 10/07/2022 Text-Book- for 7 days
          IIMT SCHOOL OF PHARMACEUTICAL SCIENCES IIMT SCHOOL OF PHARMACEUTICAL SCIENCES 10/07/2022 ARISHTA PUBLISHER 210.00 HO/IN/84,2022   27-B-1323 10/07/2022   10/07/2022 Text-Book- for 7 days
          IIMT SCHOOL OF PHARMACEUTICAL SCIENCES IIMT SCHOOL OF PHARMACEUTICAL SCIENCES 10/07/2022 ARISHTA PUBLISHER 210.00 HO/IN/84,2022   27-B-1324 10/07/2022   10/07/2022 Text-Book- for 7 days
IIMT, Central Library. All Rights Reserved IIMT,UNIVERSITY © 2023
Implemented and Customised by I CLOUDE EMS
You Are OPAC Visitor No
free web counter

Powered by Koha